000
00259nam a2200097Ia 4500
082
_a
K RIC
245
0
_a
Talks with the sun
100
_a
RAMAANO, Mpho Limpopo, South Africa, 2005
_9
77723
942
_c
BK
008
210817s9999 xx 000 0 und d
999
_c
267168
_d
267167